El pan de Lorenzo (Registro nro. 63946)
[ vista simple ]
| 000 -CABECERA | |
|---|---|
| campo de control de longitud fija | 00749nam a22003010a 4500 |
| 001 - NÚMERO DE CONTROL | |
| campo de control | UByD001389 |
| 003 - IDENTIFICADOR DEL NÚMERO DE CONTROL | |
| campo de control | AR-LpoUNG |
| 005 - FECHA Y HORA DE LA ÚLTIMA TRANSACCIÓN | |
| campo de control | 20230422102733.0 |
| 008 - DATOS DE LONGITUD FIJA--INFORMACIÓN GENERAL | |
| campo de control de longitud fija | 230420s2020||||ag |||||||||||||||||spa d |
| 020 ## - NÚMERO INTERNACIONAL ESTÁNDAR DEL LIBRO | |
| Número Internacional Estándar del Libro | 97898786669700 |
| 040 ## - FUENTE DE LA CATALOGACIÓN | |
| Centro catalogador/agencia de origen | AR-LpoUNG |
| Lengua de catalogación | spa |
| Centro/agencia transcriptor | AR-LpoUNG |
| Normas de descripción | aacr |
| 041 ## - CÓDIGO DE LENGUA | |
| Código de lengua del texto/banda sonora o título independiente | spa |
| 044 ## - CÓDIGO DEL PAÍS DE LA ENTIDAD EDITORA/PRODUCTORA | |
| Código MARC del país | ag |
| 082 0# - NÚMERO DE LA CLASIFICACIÓN DECIMAL DEWEY | |
| Número de clasificación | A863 117pan |
| 100 1# - ENTRADA PRINCIPAL--NOMBRE DE PERSONA | |
| Nombre de persona | Cabrera, Carlos |
| 245 13 - MENCIÓN DE TÍTULO | |
| Título | El pan de Lorenzo |
| 250 ## - MENCIÓN DE EDICIÓN | |
| Mención de edición | 1ra. ed. |
| 260 ## - PUBLICACIÓN, DISTRIBUCIÓN, ETC. | |
| Lugar de publicación, distribución, etc. | San Miguel : |
| Nombre del editor, distribuidor, etc. | Carlos Alberto Cabrera, |
| Fecha de publicación, distribución, etc. | 2020. |
| 300 ## - DESCRIPCIÓN FÍSICA | |
| Extensión | 134 p. |
| 650 #4 - PUNTO DE ACCESO ADICIONAL DE MATERIA--TÉRMINO DE MATERIA | |
| Término de materia o nombre geográfico como elemento de entrada | LITERATURA |
| 650 #4 - PUNTO DE ACCESO ADICIONAL DE MATERIA--TÉRMINO DE MATERIA | |
| Término de materia o nombre geográfico como elemento de entrada | ARGENTINA |
| 650 #4 - PUNTO DE ACCESO ADICIONAL DE MATERIA--TÉRMINO DE MATERIA | |
| Término de materia o nombre geográfico como elemento de entrada | PROSA |
| 653 #4 - TÉRMINO DE INDIZACIÓN--NO CONTROLADO | |
| Término no controlado | LITERATURA ARGENTINA |
| 653 #4 - TÉRMINO DE INDIZACIÓN--NO CONTROLADO | |
| Término no controlado | AUTORES LOCALES |
| 700 1# - PUNTO DE ACCESO ADICIONAL--NOMBRE DE PERSONA | |
| Nombre de persona | Migliore, Claudia Emilia |
| Término indicativo de función/relación | ed. lit. |
| 905 ## - ELEMENTOS DE DATOS E LOCAL, LDE (RLIN) | |
| a | 55627 |
| 942 ## - ELEMENTOS DE PUNTO DE ACCESO ADICIONAL (KOHA) | |
| Tipo de ítem Koha | Libro |
| Fuente del sistema de clasificación o colocación | Dewey Decimal Classification |
| Estado de retiro | Estado de pérdida | Fuente del sistema de clasificación o colocación | Estado dañado | No para préstamo | Código de colección | Localización permanente | Ubicación/localización actual | Fecha de adquisición | Total de préstamos | Signatura topográfica completa | Código de barras | Fecha visto por última vez | Precio válido a partir de | Tipo de ítem Koha |
|---|---|---|---|---|---|---|---|---|---|---|---|---|---|---|
| Dewey Decimal Classification | Colección General | Biblioteca Universidad Nacional de General Sarmiento | Biblioteca Universidad Nacional de General Sarmiento | 21/04/2023 | A863 117pan | 00068428 | 21/04/2023 | 21/04/2023 | Libro |